[Event "Tula"]
[Site "Tula"]
[Date "2018.04.12"]
[Round "6"]
[White "Ponomarenko, Viktor"]
[Black "Arakeljan, Armen M"]
[Result "0-1"]
[WhiteElo "2183"]
[BlackElo "2252"]
[PlyCount "106"]
[EventDate "2018.04.09"]
[EventType "tourn"]
[EventRounds "13"]
[EventCountry "RUS"]
[EventCategory "2"]
[SourceTitle "CBM 184 Extra"]
[Source "ChessBase"]
[SourceDate "2018.06.28"]
[SourceVersion "1"]
[SourceVersionDate "2018.06.28"]
[SourceQuality "1"]

1. c4 e5 2. Nc3 Nf6 3. g3 g6 4. Bg2 Bg7 5. e4 0-0 6. Nge2 d6 7. 0-0 Nc6 8. d3 Nd7 9. Rb1 f5 10. exf5 gxf5 11. f4 Nf6 12. Nd5 Kh8 13. Nec3 Ng4 14. h3 exf4 15. Rxf4 Nge5 16. Rh4 Ng6 17. Rxh7+ Kxh7 18. Qh5+ Kg8 19. Qxg6 Ne5 20. Qh5 Nf7 21. g4 c6 22. g5 Bd4+ 23. Kf1 Kg7 24. Nf4 Rh8 25. Qg6+ Kf8 26. Ne6+ Bxe6 27. Qxe6 Qc8 28. Qe1 Qe8 29. Qg3 Be5 30. Qf3 Qe6 31. Be3 Re8 32. Re1 Bxc3 33. bxc3 Nxg5 34. Qg3 Nf7 35. Bxa7 Qxe1+ 36. Qxe1 Rxe1+ 37. Kxe1 Ke7 38. Be3 Ra8 39. h4 Rxa2 40. Bh3 Kf6 41. Bf1 Rh2 42. Bf2 f4 43. Be2 Rh1+ 44. Kd2 Nh6 45. Bf3 Rh2 46. Ke1 Nf5 47. h5 Ng3 48. Bg1 Rh3 49. Bg4 Rh4 50. Bc8 Rh1 51. Kf2 Ne2 52. Bxb7 Nxg1 53. Bxc6 f3 0-1

[Event "Tula"]
[Site "Tula"]
[Date "2018.04.10"]
[Round "3"]
[White "Gusev, Aleksey"]
[Black "Ponomarenko, Viktor"]
[Result "1-0"]
[WhiteElo "2368"]
[BlackElo "2183"]
[PlyCount "43"]
[EventDate "2018.04.09"]
[EventType "tourn"]
[EventRounds "13"]
[EventCountry "RUS"]
[EventCategory "2"]
[SourceTitle "CBM 184 Extra"]
[Source "ChessBase"]
[SourceDate "2018.06.28"]
[SourceVersion "1"]
[SourceVersionDate "2018.06.28"]
[SourceQuality "1"]

1. e4 e5 2. Nf3 Nc6 3. Bb5 a6 4. Ba4 Nf6 5. 0-0 Be7 6. Re1 b5 7. Bb3 0-0 8. h3 d6 9. c3 Na5 10. Bc2 c5 11. d4 Qc7 12. Nbd2 Bb7 13. d5 Rac8 14. b3 b4 15. c4 Rb8 16. Nf1 Bc8 17. Ng3 Nb7 18. Nh2 Nd7 19. Nf5 Bd8 20. Bh6 Bf6 21. Bxg7 Bxg7 22. Qg4 1-0

[Event "Pervomaisky Autumn"]
[Site "Pervomaisky"]
[Date "2016.10.09"]
[Round "13"]
[White "Ponomarenko, Viktor"]
[Black "Gavritenkov, Sergei"]
[Result "0-1"]
[WhiteElo "2247"]
[BlackElo "2429"]
[PlyCount "84"]
[EventDate "2016.09.30"]
[EventType "tourn"]
[EventRounds "13"]
[EventCountry "RUS"]
[EventCategory "3"]
[SourceTitle "EXT 2017"]
[Source "ChessBase"]
[SourceDate "2016.10.25"]
[SourceVersion "1"]
[SourceVersionDate "2016.10.25"]
[SourceQuality "1"]

1. d4 Nf6 2. c4 d5 3. Nc3 g6 4. cxd5 Nxd5 5. e4 Nxc3 6. bxc3 Bg7 7. Nf3 c5 8. Rb1 0-0 9. Be2 cxd4 10. cxd4 Qa5+ 11. Qd2 Qxd2+ 12. Bxd2 b6 13. 0-0 Bb7 14. d5 Ba6 15. Bxa6 Nxa6 16. Be3 Rac8 17. Rfc1 Rfd8 18. Rxc8 Rxc8 19. Rc1 Rxc1+ 20. Bxc1 Nc5 21. Ba3 Nxe4 22. Bxe7 Bf8 23. Bxf8 Kxf8 24. Ne5 Ke8 25. Nc6 a5 26. a3 Nc3 27. d6 f6 28. Kf1 Kd7 29. Nd4 Kxd6 30. Ke1 Kd5 31. Nc2 Kc4 32. Kd2 Ne4+ 33. Ke3 Kc3 34. Nd4 Nd6 35. Ne2+ Kb3 36. Kd4 Nb5+ 37. Kd5 Nc3+ 38. Nxc3 Kxc3 39. Kc6 Kb3 40. Kxb6 a4 41. Kb5 Kxa3 42. Kc4 Kb2 0-1

[Event "Pervomaisky Autumn"]
[Site "Pervomaisky"]
[Date "2016.10.07"]
[Round "11"]
[White "Ponomarenko, Viktor"]
[Black "Kravchenko, Alexander"]
[Result "1-0"]
[WhiteElo "2247"]
[BlackElo "1939"]
[PlyCount "91"]
[EventDate "2016.09.30"]
[EventType "tourn"]
[EventRounds "13"]
[EventCountry "RUS"]
[EventCategory "3"]
[SourceTitle "EXT 2017"]
[Source "ChessBase"]
[SourceDate "2016.10.25"]
[SourceVersion "1"]
[SourceVersionDate "2016.10.25"]
[SourceQuality "1"]

1. d4 d5 2. Nc3 Nf6 3. Bg5 Nbd7 4. Nf3 g6 5. e3 Bg7 6. Bd3 0-0 7. 0-0 c5 8. Re1 b6 9. e4 dxe4 10. Nxe4 cxd4 11. Nxd4 Bb7 12. c3 Nxe4 13. Bxe4 Bxe4 14. Rxe4 Nf6 15. Re1 Qd5 16. Nf3 Qxd1 17. Raxd1 h6 18. Be3 Rfd8 19. Nd4 e6 20. Nc6 Rxd1 21. Rxd1 Nd5 22. g3 Kh7 23. a3 a5 24. Bd4 Rc8 25. Na7 Rc4 26. Nb5 Bxd4 27. Rxd4 Rxd4 28. Nxd4 Kg7 29. Nc6 f6 30. c4 Nc7 31. f4 Kf7 32. Kf2 h5 33. Na7 Ke7 34. Nc8+ Kd7 35. Nxb6+ Kc6 36. Na4 Na6 37. Ke3 Nc5 38. Nxc5 Kxc5 39. b3 a4 40. bxa4 Kxc4 41. Ke4 Kc5 42. h3 Kb6 43. g4 hxg4 44. hxg4 f5+ 45. gxf5 exf5+ 46. Ke5 1-0

[Event "Pervomaisky Autumn"]
[Site "Pervomaisky"]
[Date "2016.10.06"]
[Round "10"]
[White "Gusev, Aleksey"]
[Black "Ponomarenko, Viktor"]
[Result "1-0"]
[WhiteElo "2423"]
[BlackElo "2247"]
[PlyCount "43"]
[EventDate "2016.09.30"]
[EventType "tourn"]
[EventRounds "13"]
[EventCountry "RUS"]
[EventCategory "3"]
[SourceTitle "EXT 2017"]
[Source "ChessBase"]
[SourceDate "2016.10.25"]
[SourceVersion "1"]
[SourceVersionDate "2016.10.25"]
[SourceQuality "1"]

1. d4 d5 2. c4 e5 3. dxe5 d4 4. Nf3 c5 5. e3 Bg4 6. exd4 cxd4 7. Qxd4 Bxf3 8. Qxd8+ Kxd8 9. gxf3 Nc6 10. f4 f6 11. Nc3 fxe5 12. fxe5 Nxe5 13. Bg5+ Be7 14. 0-0-0+ Ke8 15. Bf4 Nc6 16. Rg1 g6 17. Nd5 Kf7 18. Nxe7 Ngxe7 19. Rd7 Rac8 20. Rxb7 Nd4 21. b4 Ndf5 22. Rxa7 1-0

[Event "Pervomaisky Autumn"]
[Site "Pervomaisky"]
[Date "2016.10.01"]
[Round "3"]
[White "Tishin, Petr"]
[Black "Ponomarenko, Viktor"]
[Result "1-0"]
[WhiteElo "2427"]
[BlackElo "2247"]
[PlyCount "61"]
[EventDate "2016.09.30"]
[EventType "tourn"]
[EventRounds "13"]
[EventCountry "RUS"]
[EventCategory "3"]
[SourceTitle "EXT 2017"]
[Source "ChessBase"]
[SourceDate "2016.10.25"]
[SourceVersion "1"]
[SourceVersionDate "2016.10.25"]
[SourceQuality "1"]

1. d4 Nf6 2. c4 g6 3. Nc3 d5 4. cxd5 Nxd5 5. e4 Nxc3 6. bxc3 Bg7 7. Bc4 c5 8. Nf3 0-0 9. 0-0 Nc6 10. Bb2 cxd4 11. Nxd4 Nxd4 12. cxd4 b5 13. Bd5 Rb8 14. Qd2 e6 15. Bb3 a6 16. Rad1 Bb7 17. d5 Bxb2 18. Qxb2 exd5 19. Bxd5 Bxd5 20. g3 f5 21. Rxd5 Qe8 22. e5 Qe7 23. Rfd1 Rfe8 24. f4 Rbd8 25. Rd6 Rxd6 26. Rxd6 Rd8 27. Qd2 Rxd6 28. exd6 Qd7 29. Qd5+ Kf8 30. Kg2 Ke8 31. Qg8# 1-0

[Event "Pervomaisky Autumn"]
[Site "Pervomaisky"]
[Date "2016.09.30"]
[Round "1"]
[White "Hasanzade, Toghrul Qasim Oglu"]
[Black "Ponomarenko, Viktor"]
[Result "1-0"]
[WhiteElo "2350"]
[BlackElo "2247"]
[PlyCount "107"]
[EventDate "2016.09.30"]
[EventType "tourn"]
[EventRounds "13"]
[EventCountry "RUS"]
[EventCategory "3"]
[SourceTitle "EXT 2017"]
[Source "ChessBase"]
[SourceDate "2016.10.25"]
[SourceVersion "1"]
[SourceVersionDate "2016.10.25"]
[SourceQuality "1"]

1. e4 c5 2. c3 Nf6 3. e5 Nd5 4. d4 cxd4 5. Nf3 Nc6 6. cxd4 d6 7. Bc4 Nb6 8. Bb5 dxe5 9. Nxe5 Bd7 10. Nxd7 Qxd7 11. Nc3 e6 12. 0-0 a6 13. Bxc6 Qxc6 14. Be3 Be7 15. Rc1 0-0 16. Qb3 Rac8 17. Rfd1 Nd5 18. Rd3 Rfd8 19. Nxd5 Qxd5 20. Rdc3 Rxc3 21. bxc3 h6 22. c4 Qc6 23. Rb1 Rd7 24. a4 Bf6 25. Rd1 Qe4 26. f3 Qf5 27. d5 exd5 28. cxd5 Be5 29. a5 Bf4 30. Bxf4 Qxf4 31. Qb6 Qe5 32. d6 Kf8 33. Qb4 f5 34. f4 Qe3+ 35. Kf1 Kf7 36. Qc4+ Qe6 37. Rd5 g6 38. h4 h5 39. Kf2 Kg7 40. Qd4+ Qf6 41. Qe5 Kf7 42. g3 Qe6 43. Ke3 Rd8 44. Kd4 Rd7 45. Qxe6+ Kxe6 46. Kc5 Kf6 47. Re5 Kf7 48. Re7+ Rxe7 49. dxe7 Kxe7 50. Kb6 Kd6 51. Kxb7 Kc5 52. Kxa6 Kc6 53. Ka7 Kc7 54. a6 1-0

[Event "Tula Rjazanov Memorial"]
[Site "Tula"]
[Date "2016.02.11"]
[Round "6"]
[White "Ponomarenko, Viktor"]
[Black "Novikov, Mikhail G"]
[Result "1-0"]
[WhiteElo "2259"]
[BlackElo "2053"]
[PlyCount "65"]
[EventDate "2016.02.05"]
[EventType "swiss"]
[EventRounds "9"]
[EventCountry "RUS"]
[SourceTitle "CBM 171 Extra"]
[Source "ChessBase"]
[SourceDate "2016.04.26"]
[SourceVersion "1"]
[SourceVersionDate "2016.04.26"]
[SourceQuality "1"]

1. Nf3 Nf6 2. d4 g6 3. c4 Bg7 4. Nc3 0-0 5. Bg5 d6 6. e3 c5 7. Be2 Nc6 8. 0-0 h6 9. Bh4 Bf5 10. h3 Ne4 11. Nxe4 Bxe4 12. Nd2 Bf5 13. d5 Nb4 14. e4 Bd7 15. a3 Na6 16. Rb1 Nc7 17. f4 f5 18. e5 Be8 19. e6 b5 20. b3 Bf6 21. Qe1 bxc4 22. bxc4 Rb8 23. Bxf6 Rxf6 24. Qh4 Rxb1 25. Rxb1 Kg7 26. Bd3 Na8 27. Nf1 Qa5 28. Rb8 Nc7 29. Rb7 h5 30. Kh2 Qc3 31. Rxc7 Qxd3 32. Rxe7+ Bf7 33. Qxf6+ 1-0

[Event "Tula Rjazanov Memorial"]
[Site "Tula"]
[Date "2016.02.10"]
[Round "5"]
[White "Tishin, Petr"]
[Black "Ponomarenko, Viktor"]
[Result "1-0"]
[WhiteElo "2420"]
[BlackElo "2259"]
[PlyCount "101"]
[EventDate "2016.02.05"]
[EventType "swiss"]
[EventRounds "9"]
[EventCountry "RUS"]
[SourceTitle "CBM 171 Extra"]
[Source "ChessBase"]
[SourceDate "2016.04.26"]
[SourceVersion "1"]
[SourceVersionDate "2016.04.26"]
[SourceQuality "1"]

1. e4 c5 2. Nc3 Nc6 3. f4 g6 4. Nf3 Bg7 5. Bb5 Nd4 6. 0-0 a6 7. Bd3 d6 8. Nxd4 cxd4 9. Ne2 Nf6 10. c3 dxc3 11. dxc3 0-0 12. Kh1 b5 13. Nd4 Bb7 14. Qe2 d5 15. e5 Ne4 16. Be3 e6 17. a4 bxa4 18. Bc2 Qh4 19. Kg1 Rfc8 20. Rxa4 Bf8 21. Ra5 Qd8 22. Rfa1 Qc7 23. Nb3 Rcb8 24. Bd3 Bc8 25. Nd4 Qb7 26. R1a2 Nc5 27. b4 Nxd3 28. Qxd3 h5 29. Nb3 Be7 30. Bc5 Qd7 31. Bxe7 Qxe7 32. Nc5 Rb6 33. h3 h4 34. Qd4 Qc7 35. b5 Rab8 36. Nxa6 Bxa6 37. bxa6 Ra8 38. a7 Rb3 39. R2a3 Rb1+ 40. Kh2 Kg7 41. Qf2 Qe7 42. Ra1 Rb7 43. R1a4 Kg8 44. Qd4 Kg7 45. Ra6 Kg8 46. Qf2 Rb3 47. Rb4 Rxb4 48. cxb4 Qb7 49. b5 Qxb5 50. Rb6 Qe8 51. Qb2 1-0

[Event "Tula Rjazanov Memorial"]
[Site "Tula"]
[Date "2016.02.08"]
[Round "3"]
[White "Al Argha, Hisham"]
[Black "Ponomarenko, Viktor"]
[Result "1-0"]
[WhiteElo "2246"]
[BlackElo "2259"]
[PlyCount "101"]
[EventDate "2016.02.05"]
[EventType "swiss"]
[EventRounds "9"]
[EventCountry "RUS"]
[SourceTitle "CBM 171 Extra"]
[Source "ChessBase"]
[SourceDate "2016.04.26"]
[SourceVersion "1"]
[SourceVersionDate "2016.04.26"]
[SourceQuality "1"]

1. e4 c5 2. Nf3 d6 3. d4 cxd4 4. Qxd4 Nc6 5. Bb5 Bd7 6. Bxc6 Bxc6 7. Nc3 e5 8. Qd3 Nf6 9. Bg5 Be7 10. Rd1 0-0 11. 0-0 Rc8 12. Bxf6 Bxf6 13. Qxd6 Qb6 14. Qa3 Rfd8 15. Qb3 Qc7 16. Qc4 b5 17. Nxb5 Bxb5 18. Rxd8+ Qxd8 19. Qxb5 Rxc2 20. Nxe5 Bxe5 21. Qxe5 g6 22. g3 Qd2 23. Qb8+ Kg7 24. Qxa7 Rxb2 25. a4 Ra2 26. e5 Qe2 27. Qd4 Rd2 28. Qf4 Rd5 29. Qf6+ Kg8 30. e6 Qxe6 31. Qxe6 fxe6 32. Ra1 Ra5 33. Kf1 Kf7 34. Ke2 Ke7 35. Kd3 Kd6 36. Kc4 Kc6 37. Kb4 Kb6 38. Re1 Rf5 39. Rxe6+ Kc7 40. Re7+ Kd6 41. Rxh7 Rxf2 42. a5 Ra2 43. Rh6 Ke5 44. Rxg6 Rxh2 45. a6 Ra2 46. Kb5 Kf5 47. Rg7 Kf6 48. Rc7 Ke6 49. a7 Kd6 50. Rc6+ Kd5 51. Ra6 1-0

[Event "Tula Region-ch"]
[Site "Tula"]
[Date "2014.03.16"]
[Round "6"]
[White "Shengeliya, Mikhail"]
[Black "Ponomarenko, Viktor"]
[Result "1/2-1/2"]
[WhiteElo "1876"]
[BlackElo "2235"]
[PlyCount "126"]
[EventDate "2014.03.11"]
[EventType "swiss"]
[EventRounds "9"]
[EventCountry "RUS"]
[SourceTitle "CBM 159 Extra"]
[Source "ChessBase"]
[SourceDate "2014.04.24"]
[SourceVersion "1"]
[SourceVersionDate "2014.04.24"]
[SourceQuality "1"]

1. e4 c5 2. c3 Nf6 3. e5 Nd5 4. d4 Nc6 5. Nf3 cxd4 6. cxd4 d6 7. Bc4 Nc7 8. Qe2 d5 9. Bb3 Bg4 10. Be3 e6 11. Nc3 Be7 12. h3 Bh5 13. 0-0 0-0 14. Rac1 f5 15. Qd2 Bxf3 16. gxf3 f4 17. Bxf4 g5 18. Bg3 Ne8 19. Bc2 Ng7 20. Kh1 Qe8 21. Rcd1 Qh5 22. Kh2 Rxf3 23. Kg2 Raf8 24. Qe2 g4 25. Rh1 Rxc3 26. bxc3 gxh3+ 27. Kf1 Nf5 28. Rg1 Qf7 29. Qg4+ Kh8 30. Bxf5 Qxf5 31. Qxf5 Rxf5 32. Rh1 Na5 33. Rxh3 Rf3 34. Rc1 Bg5 35. Rc2 Nc4 36. Ke2 Rf7 37. Bh4 Bxh4 38. Rxh4 Kg7 39. Rc1 a5 40. Rg1+ Kf8 41. Rh6 Re7 42. Rf6+ Ke8 43. Rg8+ Kd7 44. Rgf8 Na3 45. R6f7 Nb5 46. Kd3 Nc7 47. Rxe7+ Kxe7 48. Rh8 Kd7 49. Rxh7+ Kc6 50. Rxc7+ Kxc7 51. c4 dxc4+ 52. Kxc4 Kc6 53. d5+ exd5+ 54. Kd4 b5 55. e6 b4 56. e7 Kd7 57. Kxd5 a4 58. Kc4 b3 59. axb3 axb3 60. Kxb3 Kxe7 61. Kc4 Ke6 62. Kd4 Kf5 63. Ke3 Ke5 1/2-1/2

[Event "Tula Region-ch"]
[Site "Tula"]
[Date "2014.03.12"]
[Round "2"]
[White "Nozdrachev, Leonid"]
[Black "Ponomarenko, Viktor"]
[Result "1-0"]
[WhiteElo "2420"]
[BlackElo "2235"]
[PlyCount "95"]
[EventDate "2014.03.11"]
[EventType "swiss"]
[EventRounds "9"]
[EventCountry "RUS"]
[SourceTitle "CBM 159 Extra"]
[Source "ChessBase"]
[SourceDate "2014.04.24"]
[SourceVersion "1"]
[SourceVersionDate "2014.04.24"]
[SourceQuality "1"]

1. e4 c5 2. Nf3 d6 3. d4 cxd4 4. Nxd4 Nf6 5. Nc3 g6 6. Be3 Bg7 7. f3 Nc6 8. Qd2 0-0 9. g4 Bd7 10. 0-0-0 Rc8 11. Be2 Ne5 12. Bh6 Bxh6 13. Qxh6 Qa5 14. Nb3 Qc7 15. Rd2 Be6 16. Qh4 a5 17. g5 Nfd7 18. f4 Nc4 19. Rd3 Nc5 20. Nxc5 Qxc5 21. f5 Qb4 22. Nd1 Bxf5 23. a3 Nxa3 24. bxa3 Qxe4 25. Qxe4 Bxe4 26. Re1 Bxd3 27. Bxd3 e6 28. Ne3 Rc5 29. h4 Re5 30. Kd2 f6 31. gxf6 Rxf6 32. Ng4 Rxe1 33. Nxf6+ Kf7 34. Kxe1 Kxf6 35. Kf2 h5 36. a4 g5 37. Kg3 b6 38. Be2 Kf5 39. Bxh5 gxh4+ 40. Kxh4 Ke4 41. Kg5 Ke5 42. Be2 d5 43. Bb5 d4 44. Bc4 Kd6 45. Kf4 Kc5 46. Bxe6 b5 47. axb5 Kxb5 48. Ke4 1-0

[Event "Tula schev"]
[Site "Tula"]
[Date "2007.07.25"]
[Round "8"]
[White "Kosolapov, Petr"]
[Black "Ponomarenko, Viktor"]
[Result "1-0"]
[WhiteElo "1994"]
[BlackElo "2205"]
[PlyCount "89"]
[EventDate "2007.07.16"]
[EventType "schev"]
[EventRounds "10"]
[EventCountry "RUS"]
[SourceTitle "EXT 2009"]
[Source "ChessBase"]
[SourceDate "2008.11.26"]
[SourceVersion "1"]
[SourceVersionDate "2008.11.26"]
[SourceQuality "1"]

1. e4 c5 2. Nf3 d6 3. d4 cxd4 4. Nxd4 Nf6 5. Nc3 g6 6. Be2 Bg7 7. Be3 Nc6 8. 0-0 0-0 9. Kh1 Bd7 10. f3 a6 11. Qe1 Rc8 12. Qf2 Ne5 13. Rfd1 Nc4 14. Bxc4 Rxc4 15. Nd5 Nxd5 16. exd5 Qc8 17. b3 Bxd4 18. Bxd4 Rxc2 19. Qh4 f6 20. Qe4 Rf7 21. Qe3 Bf5 22. Rac1 g5 23. a4 Rxc1 24. Rxc1 Qd7 25. Bb6 e5 26. Rc7 Qe8 27. Qc3 e4 28. fxe4 Qxe4 29. Rxf7 Kxf7 30. Qc7+ Kg6 31. Qxd6 Qb1+ 32. Bg1 Qxb3 33. Qd8 Qxa4 34. Qg8+ Kh5 35. Qf7+ Bg6 36. Qxf6 Qd1 37. Qe6 Qg4 38. Qe7 Qe4 39. Qxb7 a5 40. Qb5 a4 41. d6 Qa8 42. Be3 Qd8 43. d7 h6 44. Qe2+ g4 45. Qb5+ 1-0

[Event "Tula schev"]
[Site "Tula"]
[Date "2007.07.16"]
[Round "1"]
[White "Ponomarenko, Viktor"]
[Black "Tuzinskiy, Denis Vasilievich"]
[Result "0-1"]
[WhiteElo "2205"]
[BlackElo "2178"]
[PlyCount "68"]
[EventDate "2007.07.16"]
[EventType "schev"]
[EventRounds "10"]
[EventCountry "RUS"]
[SourceTitle "EXT 2009"]
[Source "ChessBase"]
[SourceDate "2008.11.26"]
[SourceVersion "1"]
[SourceVersionDate "2008.11.26"]
[SourceQuality "1"]

1. d4 d5 2. c4 c6 3. Nf3 Nf6 4. Nc3 e6 5. Bg5 h6 6. Bh4 g5 7. Bg3 dxc4 8. e4 b5 9. Be2 Bb7 10. h4 g4 11. Ne5 h5 12. 0-0 Nbd7 13. Qc2 Qb6 14. Rad1 c5 15. d5 exd5 16. exd5 Bg7 17. Nxd7 Nxd7 18. f3 Nf6 19. fxg4 hxg4 20. Ne4 0-0 21. Ng5 Rfe8 22. Bxg4 Re3 23. Bf3 Rd3 24. Kh1 Rd8 25. b3 Bxd5 26. Rxd3 cxd3 27. Qxd3 Bc4 28. Qxd8+ Qxd8 29. bxc4 Qd3 30. Rd1 Qxc4 31. Rd8+ Bf8 32. h5 Qc1+ 33. Kh2 Qxg5 34. Bd6 Ng4+ 0-1

[Event "RUS Central Region-ch"]
[Site "Tula "]
[Date "2007.03.25"]
[Round "9"]
[White "Ponomarenko, Viktor"]
[Black "Solovyov, Sergey V"]
[Result "1-0"]
[WhiteElo "2228"]
[BlackElo "2069"]
[PlyCount "137"]
[EventDate "2007.03.17"]
[EventType "swiss"]
[EventRounds "9"]
[EventCountry "RUS"]
[SourceTitle "EXT 2008"]
[Source "ChessBase"]
[SourceDate "2007.11.25"]
[SourceVersion "1"]
[SourceVersionDate "2007.11.25"]
[SourceQuality "1"]

1. d4 d5 2. c4 e6 3. Nc3 Nf6 4. Nf3 Be7 5. g3 Nbd7 6. Bg2 0-0 7. Qb3 c6 8. 0-0 Qb6 9. Rd1 Re8 10. Bf4 Nh5 11. Bd2 Nhf6 12. Na4 Qxb3 13. axb3 Ne4 14. Be1 b5 15. Nc3 Nd6 16. Ne5 bxc4 17. Nxc6 Bb7 18. Nxe7+ Rxe7 19. bxc4 Nxc4 20. b3 Ncb6 21. Nb5 Nf6 22. Bb4 Rd7 23. Nxa7 Ne4 24. f3 Nd6 25. Bc5 Nbc8 26. Nxc8 Rxc8 27. e3 Nf5 28. Kf2 e5 29. Bh3 g6 30. b4 e4 31. f4 Bc6 32. Bf1 Rb8 33. Ra5 Rdb7 34. Rb1 Bb5 35. Bxb5 Rxb5 36. Rxb5 Rxb5 37. Ra1 f6 38. Ra5 Rb7 39. b5 Kf7 40. b6 Ke6 41. Ra7 Rb8 42. g4 Nd6 43. Rxh7 Rb7 44. Rxb7 Nxb7 45. h4 f5 46. g5 Nd8 47. Kg3 Kd7 48. h5 gxh5 49. Kh4 Ke6 50. Kxh5 Kf7 51. Kh6 Kg8 52. Kg6 Nb7 53. Kxf5 Kf7 54. Ke5 Kg6 55. Kxd5 Kf7 56. f5 Kg8 57. Kxe4 Kg7 58. Kd5 Kf7 59. e4 Kg8 60. e5 Kh8 61. e6 Nxc5 62. dxc5 Kg7 63. b7 Kh7 64. Ke5 Kg7 65. c6 Kh7 66. Kf6 Kh8 67. b8R+ Kh7 68. g6+ Kh6 69. Rh8# 1-0

[Event "RUS Central Region-ch"]
[Site "Tula "]
[Date "2007.03.21"]
[Round "5"]
[White "Chuprikov, Dmitry"]
[Black "Ponomarenko, Viktor"]
[Result "1-0"]
[WhiteElo "2383"]
[BlackElo "2228"]
[PlyCount "48"]
[EventDate "2007.03.17"]
[EventType "swiss"]
[EventRounds "9"]
[EventCountry "RUS"]
[SourceTitle "EXT 2008"]
[Source "ChessBase"]
[SourceDate "2007.11.25"]
[SourceVersion "1"]
[SourceVersionDate "2007.11.25"]
[SourceQuality "1"]

1. d4 d5 2. c4 c6 3. Nf3 Nf6 4. Qc2 e6 5. g3 a6 6. Bg2 Nbd7 7. 0-0 Be7 8. Nbd2 b5 9. c5 0-0 10. e4 dxe4 11. Nxe4 Nd5 12. h4 N7f6 13. Bg5 Nxe4 14. Bxe7 Qxe7 15. Qxe4 Bd7 16. Rfe1 f6 17. Re2 a5 18. Rae1 Qf7 19. Rd2 a4 20. a3 Rab8 21. Qc2 Ne7 22. Ne5 Nf5 23. Qc3 Rbd8 24. f4 Bc8 1-0

[Event "Tula Region-ch"]
[Site "Tula "]
[Date "2007.02.20"]
[Round "9"]
[White "Sviridov, Vladislav"]
[Black "Ponomarenko, Viktor"]
[Result "1/2-1/2"]
[WhiteElo "2195"]
[BlackElo "2228"]
[PlyCount "92"]
[EventDate "2007.02.06"]
[EventType "swiss"]
[EventRounds "9"]
[EventCountry "RUS"]
[SourceTitle "EXT 2008"]
[Source "ChessBase"]
[SourceDate "2007.11.25"]
[SourceVersion "1"]
[SourceVersionDate "2007.11.25"]
[SourceQuality "1"]

1. e4 c5 2. c3 Nf6 3. e5 Nd5 4. d4 cxd4 5. cxd4 Nc6 6. Nf3 d6 7. Bc4 Nb6 8. Bb3 d5 9. Nc3 Bg4 10. Be3 e6 11. h3 Bf5 12. 0-0 Be7 13. Qe2 0-0 14. Rfc1 Rc8 15. Na4 Nc4 16. Nc3 Nb4 17. Ne1 a6 18. a3 Nc6 19. Bxc4 dxc4 20. Qxc4 Nxe5 21. Qb3 Nd3 22. Nxd3 Bxd3 23. Rd1 Bc4 24. Qxb7 f5 25. Bf4 Rf7 26. Qf3 Bb3 27. Rd2 Bf6 28. Ne4 Bd5 29. Nxf6+ Rxf6 30. Qe3 h6 31. Be5 Rf7 32. Qe2 Qg5 33. f3 Bxf3 34. Qxa6 Rc6 35. Qd3 Be4 36. Qe2 Rb7 37. Rf1 Rb3 38. Bf4 Qd8 39. Kh2 g5 40. Be5 Kh7 41. Qh5 Qd7 42. Qd1 Rcb6 43. Qe2 Kg6 44. Rc1 Rc6 45. Qd1 Rb7 46. Rc5 h5 1/2-1/2

[Event "Tula Suetin Memorial op"]
[Site "Tula"]
[Date "2006.11.27"]
[Round "7"]
[White "Manaenkov, Vladimir Nikolaevic"]
[Black "Ponomarenko, Viktor"]
[Result "1-0"]
[WhiteElo "2230"]
[BlackElo "2234"]
[PlyCount "86"]
[EventDate "2006.11.21"]
[EventType "swiss"]
[EventRounds "9"]
[EventCountry "RUS"]
[SourceTitle "EXT 2010"]
[Source "ChessBase"]
[SourceDate "2010.11.25"]
[SourceVersion "1"]
[SourceVersionDate "2010.11.25"]
[SourceQuality "1"]

1. e4 c5 2. Nf3 d6 3. b3 Nf6 4. Bb5+ Nc6 5. Bxc6+ bxc6 6. d3 g6 7. 0-0 Bg7 8. Bb2 0-0 9. Nbd2 e5 10. Nc4 Nh5 11. Ne3 Nf4 12. g3 Nh3+ 13. Kg2 Be6 14. Ng1 Qd7 15. f3 h5 16. Ne2 Ng5 17. Kh1 Bh3 18. Rf2 f5 19. exf5 Bxf5 20. Nxf5 Qxf5 21. Ng1 Rf7 22. Qd2 Raf8 23. Raf1 Kh7 24. Bc1 Ne6 25. Kg2 g5 26. Qe3 Bh6 27. Qe4 Qxe4 28. fxe4 Rxf2+ 29. Rxf2 Rxf2+ 30. Kxf2 Nd4 31. c3 Nb5 32. Ne2 g4 33. Bxh6 Kxh6 34. a4 Nc7 35. Ke3 Ne6 36. b4 Kg5 37. b5 Kf6 38. Nc1 Ng5 39. Nb3 Ke6 40. Na5 Nf3 41. h4 d5 42. exd5+ Kxd5 43. c4+ Ke6 1-0

[Event "Tula Suetin Memorial op"]
[Site "Tula"]
[Date "2006.11.21"]
[Round "1"]
[White "Tkachev, Grigory"]
[Black "Ponomarenko, Viktor"]
[Result "0-1"]
[WhiteElo "1946"]
[BlackElo "2234"]
[PlyCount "108"]
[EventDate "2006.11.21"]
[EventType "swiss"]
[EventRounds "9"]
[EventCountry "RUS"]
[SourceTitle "EXT 2010"]
[Source "ChessBase"]
[SourceDate "2010.11.25"]
[SourceVersion "1"]
[SourceVersionDate "2010.11.25"]
[SourceQuality "1"]

1. d4 d5 2. Nf3 Nf6 3. g3 Bf5 4. Bg2 c6 5. 0-0 e6 6. c4 Be7 7. Nc3 0-0 8. b3 Nbd7 9. Bb2 Qb6 10. cxd5 exd5 11. Rc1 Rfe8 12. Na4 Qc7 13. Nh4 Bg4 14. h3 Be6 15. Qc2 Ne4 16. Nc3 Nxc3 17. Qxc3 Bxh4 18. gxh4 Qf4 19. Qf3 Qxh4 20. Qg3 Qxg3 21. fxg3 Nf6 22. Rf2 a5 23. a3 Ne4 24. Bxe4 dxe4 25. Rc3 Bxh3 26. e3 Be6 27. a4 Bd5 28. Ba3 Re6 29. Bc5 g6 30. Rb2 Ra6 31. b4 b6 32. b5 cxb5 33. axb5 Ra8 34. Ba3 h5 35. Rc7 Rf6 36. Rd7 Bc4 37. Rc7 Bd5 38. Rd7 Bc4 39. Rc7 Bd3 40. d5 Rd8 41. Be7 Rf1+ 42. Kg2 Rxd5 43. Rc6 Rxb5 44. Rxb5 Bxb5 45. Rxb6 Bd3 46. Bf6 Kh7 47. Bc3 a4 48. Rb8 g5 49. Ra8 Rc1 50. Bd4 Rc2+ 51. Kg1 Ra2 52. Ra5 Kg6 53. Bc3 Bc4 54. Bd4 Bb3 0-1

[Event "Tula CC-ch"]
[Site "Tula"]
[Date "2006.09.19"]
[Round "1"]
[White "Ponomarenko, Viktor"]
[Black "Kazakov, Nikolay"]
[Result "1-0"]
[WhiteElo "2234"]
[BlackElo "1943"]
[PlyCount "65"]
[EventDate "2006.09.19"]
[EventType "swiss"]
[EventRounds "9"]
[EventCountry "RUS"]
[SourceTitle "EXT 2010"]
[Source "ChessBase"]
[SourceDate "2010.11.25"]
[SourceVersion "1"]
[SourceVersionDate "2010.11.25"]
[SourceQuality "1"]

1. d4 d5 2. c4 c6 3. Nc3 Nf6 4. Nf3 e6 5. Bg5 Nbd7 6. Qc2 Be7 7. e3 Qa5 8. Bd3 dxc4 9. Bxc4 b5 10. Bb3 Bb7 11. 0-0 c5 12. Bxf6 Bxf6 13. dxc5 0-0 14. Nd4 Nxc5 15. Ncxb5 Qb6 16. Bc4 Rac8 17. Rfd1 a6 18. Nc3 Rfd8 19. b3 g6 20. Rac1 Rd6 21. Rd2 e5 22. Nf3 Rcd8 23. Rxd6 Rxd6 24. e4 Qd8 25. Re1 g5 26. h3 h5 27. Qe2 Bc8 28. Bd5 Ne6 29. g3 g4 30. hxg4 hxg4 31. Nh2 Qd7 32. Qd3 Bg5 33. Ne2 1-0